| 000 | 00522pab a2200181 454500 | ||
|---|---|---|---|
| 008 | 180718b2015 xxu||||| |||| 00| 0 eng d | ||
| 100 | _aNair, Rashmy | ||
| 245 | _aThe right to fair compensation and transparency in land acquisition, rehabilitation and resettlement act-2013: A critical review | ||
| 260 | _c2015 | ||
| 300 | _ap.82-100. | ||
| 362 | _aMar | ||
| 650 | _aResettlement | ||
| 650 | _aRehabilitation | ||
| 650 | _aLand tenure | ||
| 773 | _aASCI Journal of Management | ||
| 908 | _aN | ||
| 909 | _a107011 | ||
| 999 |
_c107006 _d107006 |
||